000 00576cam a2200145 4500500
005 20260208002354.0
041 _afre
042 _adc
100 1 0 _aMonnerie, Denis
_eauthor
245 0 0 _aLissant Bolton, Unfolding the Moon: Enacting Women’s Kastom in Vanuatu, Honolulu, University of Hawai’i Press, 2003, xxxv + 232 p., bibl., gloss., index, ill.
260 _c2005.
500 _a24
786 0 _nL'Homme | 175-176 | 3 | 2005-07-01 | p. 475zi-572zi | 0439-4216
856 4 1 _uhttps://shs.cairn.info/revue-l-homme-2005-3-page-475zi?lang=fr&redirect-ssocas=7080
999 _c1646004
_d1646004